|
|
|
|
| LEADER |
00000nam a22000007a 4500 |
| 005 |
20191011000318.0 |
| 007 |
cr|||| |||| |
| 008 |
191011s2016 br |||||s|||| 00||0 por d |
| 020 |
|
|
|a 978-85-69220-07-7
|
| 035 |
|
|
|a 30518
|
| 040 |
|
|
|a vLex
|
| 090 |
|
|
|c 9791
|d 9791
|
| 100 |
1 |
|
|a Avelŝ Nunes, Antn̤io Još
|
| 245 |
1 |
0 |
|a Quo vadis, Europa?
|h [Recurso electrn̤ico] /
|c Antn̤io Jos ̌Avelŝ Nunes
|
| 256 |
|
|
|a Servicio en ln̕ea
|
| 260 |
|
|
|a San Pablo:
|b Editora ContraCorrente,
|c 2016
|
| 300 |
|
|
|a 1 recurso electrn̤ico
|
| 506 |
1 |
|
|a Disponible solo en los productos indicados
|d vLex Global
|d vLex Global (Academic Edition, excluding Law Schools)
|d vLex Global (U.S. Academic Edition, Law Schools)
|d vLex Global (U.S. Academic Edition, excluding Law Schools)
|d vLex Global (Academic Edition, Law Schools)
|
| 650 |
0 |
4 |
|a Derecho Comunitario
|z Brasil
|
| 740 |
0 |
|
|a vLex Libros (Servicio en ln̕ea)
|
| 856 |
4 |
0 |
|u http://vlex.com/source/ouo-vadis-europa-30518
|z Acceso restringido
|
| 942 |
|
|
|c BOOK
|
| 999 |
0 |
|
|a Community Law
|